New Strategies for educational development : The cross - cultural search for nonformal alternatives (Record no. 1372840)

MARC details
000 -LEADER
fixed length control field 00661nam a2200205Ia 4500
005 - DATE AND TIME OF LATEST TRANSACTION
control field 20250508161853.0
008 - FIXED-LENGTH DATA ELEMENTS--GENERAL INFORMATION
fixed length control field 008 250505s9999 xx 000 0 eng d
037 ## - SOURCE OF ACQUISITION
Stock number Textual
040 ## - CATALOGING SOURCE
Original cataloging agency FEDL
Language of cataloging eng
Transcribing agency FEDL
041 ## - LANGUAGE CODE
Language code of text/sound track or separate title eng
Source of code eng
084 ## - COLON CLASSIFICATION NUMBER
Classification number 371.4, BRE
Assigning agency FEDL
100 ## - MAIN ENTRY--PERSONAL NAME
Personal name Brembeck Cole S
245 #0 - TITLE STATEMENT
Title New Strategies for educational development : The cross - cultural search for nonformal alternatives
260 ## - PUBLICATION, DISTRIBUTION, ETC.
Place of publication, distribution, etc. Toronto, Canada
Name of publisher, distributor, etc. Lexington Books
Date of publication, distribution, etc. 1973
300 ## - PHYSICAL DESCRIPTION
Extent xviii,219p
650 ## - SUBJECT ADDED ENTRY--TOPICAL TERM
Topical term or geographic name entry element Educational guidance and Counseling
700 ## - ADDED ENTRY--PERSONAL NAME
Personal name Thompson Timothy J
9 (RLIN) 771711
942 ## - ADDED ENTRY ELEMENTS (KOHA)
Koha item type Textual
Classification part 371.4, BRE
Holdings
Withdrawn status Lost status Damaged status Not for loan Home library Current library Date acquired Total Checkouts Full call number Barcode Date last seen Price effective from Koha item type
        Department of Education Library Department of Education Library 2025-05-08   371.4, BRE EL0062681 2025-05-08 2025-05-08 Textual
Copyright @ Delhi University Library System